| 000 | 004910000a22001930004500 | ||
|---|---|---|---|
| 001 | 002613 | ||
| 003 | MACL | ||
| 005 | 20150804175033.0 | ||
| 008 | 150804b xxu||||| |||| 00| 0 eng d | ||
| 040 |
_aMACL _cMACL |
||
| 041 | _aEnglish | ||
| 082 | _a900/MAN | ||
| 100 |
_aMani, Chandra Mauli _94796 |
||
| 245 |
_aA Journey Through India's Past _cChandra Mauli Mani |
||
| 260 |
_aNew Delhi _c2005 _bNorthern Book Centre, |
||
| 350 | _a400 | ||
| 650 |
_aHistory _94797 |
||
| 942 |
_k900 _cBK _2ddc |
||
| 999 |
_c14522 _d14522 |
||